00771nam a22001937a 4500003000900000008004100009040007100050082001900121100002800140245004600168260004100214300002600255505021000281650001400491650002800505650000900533650001100542650002400553AR-CdUCM190325b ||||| |||| 00| 0 spa d aMUNICIPALIDAD PROVINCIAL DEL CUSCOcBIBLIOTECA MUNICIPAL DEL CUSCO a977.305 /bV69 aVilas, Carlos María,  aPerfiles de la revolución sandinista. / aCuba :bCasa de las americas,c1984. a462 paginas ;c19 cm. aContenido : Liberación, nacional y revolución social -- Un capitalismo dominado y desigualmente desarrollado -- Vanguardia y masas en la insurrección popular -- Unidad nacional y economía mixta.... aHistoria  aGobierno revolucionario aCuba aEnsayo aRevolución social